000 00420nam a2200145Ia 4500
003 OSt
005 20240927121200.0
008 240129s9999 xx 000 0 und d
040 _cMU
100 _aTYAGI, AKSHAY KUMAR
245 0 _aSOME APPLICATIONS OF FUZZY ERROR CORRECTION IN COMMUNICATION SECURITY
260 _bMEWAR UNIVERSITY, CHITTORGARH
_c2013
650 _aComputer Science & Engineering
942 _cTHE
_2ddc
999 _c218578
_d218578